000 00532nam a2200169Ia 4500
008 090711s9999 xx 000 0 und d
082 _b2073
100 _aगांधी मोहनदास क.
245 _aतेजस्वी तरुणी
260 _c1946
300 _a186
600 _aगांधी मोहनदास क.
630 _aतेजस्वी तरुणी
700 _aगांधी मोहनदास क.
730 _aतेजस्वी तरुणी
942 _cBOOK
999 _c316349
_d316349